NRW nach Buchstabe - L - Statistiken

Allgemein
  • Dieses Quiz wurde 52 mal gespielt
  • Das Durchschnittsergebnis liegt bei 10 aus 20
Antwortstatistiken
Hinweis Antwort % Korrekt
Stadt bei Köln mit großem Bayer-Werk Leverkusen
100%
Fluss durch Westfalen und dritter Landesteil neben Westfalen und Rheinland Lippe
93%
Popsänger aus Gronau (Sonderzug nach Pankow, Cello, Komet) Udo Lindenberg
82%
Dieser Fluss entspringt im Siegerland und fließt dann durch Hessen und RLP bei Koblenz in den Rhein Lahn
80%
Diese Stadt in OWL ist durch seinen Handballverein (Deutscher Meister 1997 und 2003) bekannt Lemgo
69%
Bergisches Wappentier, auch auf dem Stadtwappen von u.a. Wuppertal und Düsseldorf Löwe
67%
Große Veranstaltungshalle und Eishockeystadion in Köln-Deutz Lanxess-Arena
56%
Ehemaliger FDP-Vorsitzender und FInanzminister aus Düsseldorf, der 2023 von seinem Ministerjob gefeuert wurde Christian Lindner
53%
Stadt im Sauerland, welche durch den Neubau der Rahmetalbrücke erheblichem Mehrverkehr ausgesetzt wurde Lüdenscheid
53%
Stadt im Landkreis Soest, die teilweise als Westfälisches Venedig bezeichnet wird Lippstadt
51%
Fluss durchs Sauerland der in Hagen in Ruhr mündet Lenne
47%
Stadt nördlich von Dortmund mit Colani-Ufo im Stadtteil Brambauer Lünen
47%
Sauerländer CDU-Politiker, Landwirtschaftsminister und zweiter Bundespräsident Heinrich Lübke
33%
Nationalistischer Heimatdichter, nachdem das alte Stadion von SC Paderborn sowie die Paderborner Torhymne benannt ist Hermann Löns
33%
Stadt bei Minden am Mittellandkanal mit Großem Torfmoor und Barre-Brauerei Lübbecke
29%
Textilarbeiter, durch die Bielefeld manchmal die L...-Stadt genannt wird Leineweber
20%
Stadt im Kreis Coesfeld im Münsterland, in der sich die Burg Vischering befindet Lüdinghausen
20%
Spielstätte der SG Wattenscheid Lohrheidestadion
18%
Bezeichnung für ein Fahrrad in Münster und das Radler der Potts-Brauerei Leeze
16%
Stadt im Tecklenburger Land im Kreis Steinfurt Lengerich
16%
Keine übereinstimmenden Quizze gefunden
Verteilung der Resultate
Anzahl Personen mit jedem Resultat
Perzentil nach korrekt beantworteten Fragen
Ihre Resultats-Entwicklung
Sie haben dieses Quiz noch nicht gespielt